Effectif 2024-2025 EA Guingamp - Statistiques

Statistiques générales
  • Ce quiz a été pris 28 fois
  • Le résultat moyen est 18 sur 30
Statistiques - réponses
Poste Joueur % Correct
Milieu Kalidou Sidibé
94%
Entraineur Sylvain Ripoll
94%
Milieu Dylan Louiserre
88%
Gardien Enzo Basilio
88%
Milieu Hugo Picard
82%
Attaquant Jacques Siwe
82%
Gardien Babacar Niasse
76%
Gardien Noah Marec
76%
Attaquant Brighton Labeau
71%
Défenseur Lenny Vallier
71%
Défenseur Matthis Riou
71%
Défenseur Alpha Sissoko
65%
Milieu Amine Hemia
65%
Défenseur Donatien Gomis
65%
Défenseur Sohaib Nair
65%
Gardien Teddy Bartouche-Selbonne
65%
Attaquant Amadou Sagna
59%
Attaquant Rayan Ghrieb
59%
Défenseur Albin Demouchy
53%
Attaquant Sabri Guendouz
53%
Défenseur Lucas Maronnier
47%
Attaquant Junior Armando Mendes Mendes
41%
Milieu Lebogang Phiri
41%
Milieu Rayan Touzghar
41%
Milieu Tanguy Ahile
41%
Milieu Taylor Luvambo
41%
Défenseur Dylan Ourega
29%
Milieu Theo Le Bris
29%
Défenseur Abdallah Ndour
24%
Défenseur Idriss Planeix
24%
Aucun quiz correspondant
Distribution des résultats
% des personnes avec chaque résultat
Percentile par nombre de réponses
Votre historique - résultats
Vous n’avez pas pris ce quiz